Rosa Spal (2017/2018) - Statistics

Statistiche generali
  • Questo quiz è stato fatto 25 volte
  • Il punteggio medio è 7 su 23
Statistiche sulle risposte
NAZIONALITA' GIOCATORE % Corretto
Senegal Gomis
85%
Italia Meret
65%
Italia Antenucci
50%
Italia Borriello
50%
Italia Floccari
50%
Italia Lazzari
50%
Italia Paloschi
50%
Brasile Felipe
40%
Italia Schiattarella
40%
Italia Viviani
35%
Svezia Konate
25%
Grecia Oikonomou
25%
Finlandia Vaisanen
25%
Italia Vicari
25%
Italia Costa
20%
Italia Cremonesi
20%
Italia Bonazzoli
15%
Italia Grassi
10%
Italia Mora
10%
Italia Rizzo
10%
Polonia Salomon
10%
Italia Mattiello
5%
Italia Vitale
5%
Nessun quiz corrispondente trovato
Distribuzione punteggi
Percentuale di utenti per punteggio
Percentile per numero di risposta
I tuoi punteggi nel tempo
Non hai fatto questo quiz